Central Library OPAC University of Rajshahi

A hundred years of philosophy / (Record no. 17327)

MARC details
000 -LEADER
fixed length control field 00780cam a22002771 4500
001 - CONTROL NUMBER
control field 17327
003 - CONTROL NUMBER IDENTIFIER
rucl marc code BD-RjUL
005 - DATE AND TIME OF LATEST TRANSACTION
control field 20211209000124.0
008 - FIXED-LENGTH DATA ELEMENTS--GENERAL INFORMATION
fixed length control field 140216r19751966enk b 001 0 eng d
035 ## - SYSTEM CONTROL NUMBER
System control number (BD-RjUL)17385
System control number (OCoLC)4934964
040 ## - CATALOGING SOURCE
Original cataloging agency DLC
Transcribing agency ViU
Modifying agency Uk
-- DLC
-- BD-RjUL
Language of cataloging eng
041 ## - LANGUAGE CODE
Language code of text/sound track or separate title eng
082 00 - DEWEY DECIMAL CLASSIFICATION NUMBER
Classification number 109
Author mark and year PAH 1975
100 0# - MAIN ENTRY--PERSONAL NAME
Personal name Passmore, John Arthur.
9 (RLIN) 53402
245 12 - TITLE STATEMENT
Title A hundred years of philosophy /
Statement of responsibility, etc. by John Passmore.
250 ## - EDITION STATEMENT
Edition statement 2nd ed.
260 ## - PUBLICATION, DISTRIBUTION, ETC. (IMPRINT)
Place of publication, distribution, etc. London :
Name of publisher, distributor, etc. Duckworth,
Date of publication, distribution, etc. 1966. [Reprinted 1975]
300 ## - PHYSICAL DESCRIPTION
Pagination 640 p. ;
Size 18 cm.
504 ## - BIBLIOGRAPHY, ETC. NOTE
Bibliography, etc Bibliography: p. 547-549.
650 #0 - SUBJECT ADDED ENTRY--TOPICAL TERM
Topical term or geographic name as entry element Philosophy, English.
9 (RLIN) 4051
Topical term or geographic name as entry element Philosophy
General subdivision History.
9 (RLIN) 53403
942 ## - ADDED ENTRY ELEMENTS (KOHA)
Source of classification or shelving scheme Dewey Decimal Classification
Koha item type Books
Holdings
Lost status Source of classification or shelving scheme Damaged status Not for loan Collection code Permanent Location Current Location Shelving location Date acquired Source of acquisition Cost, normal purchase price Total Checkouts Full call number Date last seen Date checked out Copy number Koha item type
  Dewey Decimal Classification     Non-fiction Central Library, University of Rajshahi Central Library, University of Rajshahi   14/06/1977 Heffers and Sons. 0.00 1 109 PAH 1975 26/12/2019 08/12/2019 C-12 Books
  Dewey Decimal Classification     Non-fiction Central Library, University of Rajshahi Central Library, University of Rajshahi   14/06/1977 Heffer     109 PAH 1975 30/03/2014   C-8 Books
  Dewey Decimal Classification     Non-fiction Central Library, University of Rajshahi Central Library, University of Rajshahi   03/06/1975 zeithinger     109 PAH 1975 30/03/2014   C-6 Books
  Dewey Decimal Classification     Non-fiction Central Library, University of Rajshahi Central Library, University of Rajshahi   14/06/1977 Heffer     109 PAH 1972 30/03/2014   C-5 Books
  Dewey Decimal Classification     Non-fiction Central Library, University of Rajshahi Central Library, University of Rajshahi   31/03/2014       109 PAH 1975 31/03/2014   C-4 Books
  Dewey Decimal Classification     Non-fiction Central Library, University of Rajshahi Central Library, University of Rajshahi   14/06/1977 W. Heffer & Sons 0.00   109 PAH 1975 31/03/2014   C-3 Books
  Dewey Decimal Classification     Non-fiction Central Library, University of Rajshahi Central Library, University of Rajshahi   14/06/1977 W. Heffer & Sons 0.00 1 109 PAH 1975 04/11/2019 30/10/2019 C-2 Books
  Dewey Decimal Classification     Non-fiction Central Library, University of Rajshahi Central Library, University of Rajshahi   09/06/1975 Gonathen 80.00   109 PAH 1972 31/03/2014   C-9 Books
  Dewey Decimal Classification     Non-fiction Central Library, University of Rajshahi Central Library, University of Rajshahi   30/03/1975 zeithinger 23.00   109 PAH 1975 31/03/2014   C-10 Books
  Dewey Decimal Classification   Added to bundle Non-fiction Central Library, University of Rajshahi Central Library, University of Rajshahi Reading Room 30/03/1975 zeithinger 23.00   109 PAH 1970 31/03/2014   C-1 Books
  Dewey Decimal Classification     Non-fiction Central Library, University of Rajshahi Central Library, University of Rajshahi   30/03/1975 zeithinger 23.00   109 PAH 1970 01/04/2014   C-7 Books